Music Quiz

Random Music or Album Quiz

Most US Top 10 Albums Quiz Stats

Quiz Updated May 16, 2015

Also try: First Hit Song
Challenge
Share
Tweet
Embed
Score 0/36 Timer 08:00
0 Plays Today
# of Top 10 Albums Artist % Correct
31The Beatles
91.9%
21Madonna
86.8%
16Prince
81.4%
14The Beach Boys
78%
18Bruce Springsteen
77.4%
36The Rolling Stones
65.7%
15Jay-Z
61.3%
12Alan Jackson
59.3%
27Elvis Presley
59.2%
12Bon Jovi
54.8%
13Led Zeppelin
49.4%
19Elton John
46.8%
17Mariah Carey
40%
33Frank Sinatra
39.1%
16Garth Brooks
37.1%
14Van Halen
35.9%
21Bob Dylan
33.7%
15Dave Matthews Band
30.5%
# of Top 10 Albums Artist % Correct
12Chicago
28.8%
33Barbra Streisand
27.7%
13Santana
25.6%
17Rod Stewart
23.4%
16Eric Clapton
22.5%
12Celine Dion
22.3%
12Rush
21.3%
19Paul McCartney
21.1%
13Mary J. Blige
14.5%
18Neil Diamond
13.9%
15Barry Manilow
12.9%
19George Strait
11.6%
12Andy Williams
10.9%
12Korn
9.8%
16Tim McGraw
9.6%
15R. Kelly
6.7%
14Toby Keith
5.9%
16Johnny Mathis
2.6%

You're not logged in!

Compare scores with friends on all Sporcle quizzes.
Join for Free
OR
Log In

You Might Also Like...

Show Comments

Extras

Top Quizzes Today


Score Distribution

Your Account Isn't Verified!

In order to create a playlist on Sporcle, you need to verify the email address you used during registration. Go to your Sporcle Settings to finish the process.

Report this User

Report this user for behavior that violates our Community Guidelines.

Details: